Biliárny hamartóm - popis prípadu

Podrobná bibliografia
Hlavní autori: Holomáň, Jozef, 1948- (Autor), Macháleková, Katarína (Autor), Pružincová, Ľubica (Autor), Laca, Ľudovít, 1951- (Autor), Belovičová, Mária, 1975- (Autor), Gajdoš, Martin, 1958- (Autor)
Médium: Článok
Jazyk:slovenčina

MARC

LEADER 00000nab a2200000uu 4500
001 vtls011492770
003 SK-MaSNL
005 20260303215105.0
008 230218|2008 xo |||||||||||||||||slo|
015 |a SNBRB 
035 |a (urnnbn)urn:nbn:sk:snk:ar-007o2q 
035 |a (uuid)c28327f4-bebf-44e7-ac0d-161378599b70 
035 |a urn:nbn:sk:snk-abdhfh 
040 |a SNKBUCL  |b slo  |c SNKBUCL  |e AACR2 
041 0 |a slo 
044 |a xo  |c SK 
100 1 |a Holomáň, Jozef,  |d 1948-  |4 aut  |9 131910 
245 1 0 |a Biliárny hamartóm - popis prípadu  |c Mária Belovičová, Martin Gajdoš, Ľudovít Laca, Katarína Macháleková, Ľubica Pružincová, Jozef Holomáň 
246 3 |a Biliary hamartoma - case report 
700 1 |a Macháleková, Katarína  |4 aut  |9 952610 
700 1 |a Pružincová, Ľubica  |4 aut  |9 1116587 
700 1 |a Laca, Ľudovít,  |d 1951-  |4 aut  |9 196149 
700 1 |a Belovičová, Mária,  |d 1975-  |4 aut  |9 212094 
700 1 |a Gajdoš, Martin,  |d 1958-  |4 aut  |4 aut  |9 218290 
773 0 |t Česká a slovenská gastroenterologie a hepatologie : časopis České gastroenterologické a Hepatologické společnosti a Slovenskej gastroenterologickej a Slovenskej hepatologickej spoločnosti  |g Roč. 62, č. 4 (2008), s. 215-219 
954 |a odborná, vedecká literatúra pôvodná (slovenská)  |2 lita 
958 |a OND 
958 |a EUIPO 
958 |a article18 
999 |c 2220057  |d 2221987